Rozpočet EÚ - výzvy a perspektívy v kontexte stratégie Európa 2020

Nový rozpočtový rámec na roky 2014 - 2020 je jedným z kľúčových dokumentov z pohľadu budúcnosti EÚ, ktorý predstavuje strategický rámec pre financovanie spoločných priorít. Schválenie rozpočtového rámca na nasledujúce obdobie je dôležitým predpokladom pre plnenie stanovených cieľov EÚ uvedených v St...

Descripción completa

Guardado en:
Detalles Bibliográficos
Autor principal: Orviská, Marta
Otros Autores: Huňady, Ján
Formato: Capítulo de libro
Lenguaje:eslovaco
Materias:
Etiquetas: Agregar Etiqueta
Sin Etiquetas, Sea el primero en etiquetar este registro!

MARC

LEADER 00000nla a2200000 4500
001 0176715
005 20221103131623.6
041 0 |a slo 
044 |a SK 
245 1 0 |a Rozpočet EÚ - výzvy a perspektívy v kontexte stratégie Európa 2020  |c Marta Orviská, Ján Huňady 
520 |a Nový rozpočtový rámec na roky 2014 - 2020 je jedným z kľúčových dokumentov z pohľadu budúcnosti EÚ, ktorý predstavuje strategický rámec pre financovanie spoločných priorít. Schválenie rozpočtového rámca na nasledujúce obdobie je dôležitým predpokladom pre plnenie stanovených cieľov EÚ uvedených v Stratégií Európa 2020. 
610 2 0 |a Európska únia 
610 2 0 |a rozpočet spoločný 
610 2 0 |a výdavky verejné 
610 2 0 |a rast hospodársky 
610 2 0 |a politika kohézna 
610 2 0 |a spolupráca medzinárodná 
100 1 |a Orviská, Marta 
700 1 |a Huňady, Ján